Planning Advice Note No.75 (Record no. 105843)

MARC details
000 -LEADER
fixed length control field 01201cam a2200241 4500
001 - CONTROL NUMBER
control field ##E134909
008 - FIXED-LENGTH DATA ELEMENTS--GENERAL INFORMATION
fixed length control field 010928n2005 000 0 eng u
020 ## - INTERNATIONAL STANDARD BOOK NUMBER
International Standard Book Number 0755926323
035 ## - SYSTEM CONTROL NUMBER
System control number (Sirsi) u134909
041 0# - LANGUAGE CODE
Language code of text/sound track or separate title eng
050 04 - LIBRARY OF CONGRESS CALL NUMBER
Classification number 711.1
-- 18
110 2# - MAIN ENTRY--CORPORATE NAME
Corporate name or jurisdiction name as entry element Scottish Executive Development Department
9 (RLIN) 3786
245 00 - TITLE STATEMENT
Title Planning Advice Note No.75
Remainder of title planning for transport
260 ## - PUBLICATION, DISTRIBUTION, ETC.
Place of publication, distribution, etc. Edinburgh
Name of publisher, distributor, etc. Scottish Executive Development Department
Date of publication, distribution, etc. 2005
300 ## - PHYSICAL DESCRIPTION
Extent 36p.
Dimensions 30cm.
490 #0 - SERIES STATEMENT
Series statement Planning Advice Note
Volume/sequential designation (75)
520 ## - SUMMARY, ETC.
Summary, etc. PAN 75 aims to create greater awareness of how linkages between planning and transport can be managed. It highlights the roles of different bodies and professions in the process and points to other sources of information. The information contained within this PAN is not exhaustive but rather is intended to be used as an initial reference point.
520 ## - SUMMARY, ETC.
Summary, etc. For guidance on policy see SPP17 Planning for Transport (ISBN 0755926315)
651 #4 - SUBJECT ADDED ENTRY--GEOGRAPHIC NAME
Geographic name Scotland
Chronological subdivision 1999-
690 ## - LOCAL SUBJECT ADDED ENTRY--TOPICAL TERM (OCLC, RLIN)
Topical term or geographic name as entry element Planning and development
9 (RLIN) 6259
856 40 - ELECTRONIC LOCATION AND ACCESS
Uniform Resource Identifier <a href="https://www.scotland.gov.uk/Publications/2005/08/16154453/44538">https://www.scotland.gov.uk/Publications/2005/08/16154453/44538</a>
Hours access method available View document free of charge at www.scotland.gov.uk...
942 ## - ADDED ENTRY ELEMENTS (KOHA)
Suppress in OPAC 0
Holdings
Withdrawn status Lost status Source of classification or shelving scheme Damaged status Not for loan Home library Current library Shelving location Date acquired Total Checkouts Full call number Barcode Date last seen Copy number Price effective from Koha item type
    Dewey Decimal Classification     Virtual Virtual Online 11/09/2006   ONLINE PUBLICATION 134909-2001 06/08/2019 1 06/08/2019 Book